000 00583nam a2200229Ia 4500
003 OSt
005 20220926024716.0
006 a|||||r|||| 00| 0
007 ta
008 220923b |||||||| |||| 00| 0 eng d
020 _a0198246633
037 _cGeneral Book
040 _aRTL
_cRTL
_beng
041 _2eng
_aeng
082 _aY:3(Q), M1
100 _aSwinburne Richard
245 0 _aFaith and reason
260 _aOxford
_bClarendon
_c1981
300 _a206p
_ccm.
942 _hY:3(Q), M1
_cGB
_2CC
999 _c645315
_d645315